000 00301nam a22001217a 4500
008 230626b xxu||||| |||| 00| 0 eng d
082 _a331.88
_bFFA
100 _cVictor Feather
245 _aThe Essence of Trade Unionism
260 _aLondon
_bThe Bodley Ltd
_c1963
300 _a127p
942 _2ddc
_cBK
999 _c2686
_d2686